Central Library OPAC University of Rajshahi

Solid fuel reactors / (Record no. 13498)

MARC details
000 -LEADER
fixed length control field 01008nam a2200265 a 4500
001 - CONTROL NUMBER
control field 13498
003 - CONTROL NUMBER IDENTIFIER
rucl marc code BD-RjUL
005 - DATE AND TIME OF LATEST TRANSACTION
control field 20211208235450.0
008 - FIXED-LENGTH DATA ELEMENTS--GENERAL INFORMATION
fixed length control field 170606s1958 maua b 101 0 eng d
035 ## - SYSTEM CONTROL NUMBER
System control number (BD-RjUL)13549
040 ## - CATALOGING SOURCE
Original cataloging agency DLC/ICU
Transcribing agency ICU
Modifying agency DLC
-- BD-RjUL
Language of cataloging eng
041 ## - LANGUAGE CODE
Language code of text/sound track or separate title eng
082 00 - DEWEY DECIMAL CLASSIFICATION NUMBER
Classification number 621.4831
Author mark and year SOL 1958
Edition number 23
245 00 - TITLE STATEMENT
Title Solid fuel reactors /
Statement of responsibility, etc. Compiled and edited by Joseph R. Dietrich and Walter H. Zinn.
260 ## - PUBLICATION, DISTRIBUTION, ETC. (IMPRINT)
Place of publication, distribution, etc. Reading, Mass. :
Name of publisher, distributor, etc. Addison-Wesley Pub. Co.,
Date of publication, distribution, etc. c1958.
300 ## - PHYSICAL DESCRIPTION
Pagination xv, 844 p. :
Illustrations ill. ;
Size 23 cm.
490 ## - SERIES STATEMENT
Series statement Addison-Wesley books in nuclear science and metallurgy
500 ## - GENERAL NOTE
General note Prepared under contract with the United States Atomic Energy Commission.
504 ## - BIBLIOGRAPHY, ETC. NOTE
Bibliography, etc Includes bibliographies and index.
650 #0 - SUBJECT ADDED ENTRY--TOPICAL TERM
Topical term or geographic name as entry element Solid fuel reactors.
9 (RLIN) 42108
700 1# - ADDED ENTRY--PERSONAL NAME
Personal name Zinn, Walter H.
Fuller form of name (Walter Henry),
Dates associated with a name 1906-2000,
Relator term joint ed.
Personal name Dietrich, Joseph R.
830 ## - SERIES ADDED ENTRY--UNIFORM TITLE
Uniform title Addison-Wesley books in nuclear science and metallurgy
942 ## - ADDED ENTRY ELEMENTS (KOHA)
Source of classification or shelving scheme Dewey Decimal Classification
Koha item type Books
Holdings
Lost status Source of classification or shelving scheme Damaged status Not for loan Collection code Permanent Location Current Location Shelving location Date acquired Source of acquisition Cost, normal purchase price Total Checkouts Full call number Date last seen Copy number Koha item type
  Dewey Decimal Classification     Non-fiction Central Library, University of Rajshahi Central Library, University of Rajshahi   27/06/1963 Zeitlinger 72.00   621.4831 SOL 1958 01/02/2014 C-5 Books
  Dewey Decimal Classification   Not For Loan Non-fiction Central Library, University of Rajshahi Central Library, University of Rajshahi Reading Room 27/06/1963 Zeitlinger 72.00   621.4831 SOL 1958 06/06/2017 C-1 Books
  Dewey Decimal Classification     Non-fiction Central Library, University of Rajshahi Central Library, University of Rajshahi   27/06/1963 Zeitlinger 72.00   621.4831 SOL 1958 06/06/2017 C-3 Books
  Dewey Decimal Classification     Non-fiction Central Library, University of Rajshahi Central Library, University of Rajshahi   27/06/1963 Zeitlinger 72.00   621.4831 SOL 1958 06/06/2017 C-2 Books
  Dewey Decimal Classification     Non-fiction Central Library, University of Rajshahi Central Library, University of Rajshahi   27/06/1963 Zeitlinger 72.00   621.4831 SOL 1958 06/06/2017 C-4 Books